MARC

LEADER 00000nam0a2200000 4500
001 326772
005 20231102003908.0
035 |a (RuTPU)RU\TPU\book\352432 
090 |a 326772 
100 |a 20170116d1967 km y0rusy50 ca 
101 0 |a rus 
102 |a RU 
105 |a a z 001zy 
200 1 |a Основные направления проектирования оборудования для бурения глубоких скважин  |f А. А. Даниелян 
210 |a Москва  |c Недра  |d 1967 
215 |a 280 с.  |c ил. 
320 |a Библиогр.: с. 274-277 
516 1 |a Оборудование для бурения глубоких скважин 
606 1 |a Буровое оборудование  |x Проектирование  |2 stltpush  |3 (RuTPU)RU\TPU\subj\30518  |9 53620 
610 1 |a глубокие скважины 
610 1 |a бурение 
610 1 |a оборудование 
610 1 |a проектирование 
610 1 |a технология 
610 1 |a герметизация 
610 1 |a цементирование 
610 1 |a силовые приводы 
610 1 |a роторы 
610 1 |a вертлюги 
610 1 |a буровые насосы 
610 1 |a промывочные растворы 
610 1 |a вышки 
610 1 |a талевая система 
610 1 |a буровые лебедки 
610 1 |a долота 
610 1 |a автоматизация 
675 |a 622.242  |v 3 
700 1 |a Даниелян  |b А. А.  |g Армаис Авакович 
801 1 |a RU  |b 63413507  |c 20170116 
801 2 |a RU  |b 63413507  |c 20170118  |g RCR 
942 |c BK